Подробности
| 000 -МАРКЕР |
| контрольное поле |
02312nam0a22003491 4500 |
| 001 - ИДЕНТИФИКАТОР ЗАПИСИ |
| контрольное поле |
rc\1522058 |
| 005 - ИДЕНТИФИКАТОР ВЕРСИИ |
| контрольное поле |
20260406162039.0 |
| 035 ## - ДРУГИЕ СИСТЕМНЫЕ НОМЕРА |
| Идентификатор записи |
(NLR Aleph) 005281934 |
| 100 ## - ДАННЫЕ ОБЩЕЙ ОБРАБОТКИ |
| Данные общей обработки |
20060620d1886 |||y0rusy50 ca |
| 101 0# - ЯЗЫК РЕСУРСА |
| Язык текста, звукозаписи и т.д. |
русский |
| 102 ## - СТРАНА ПУБЛИКАЦИИ ИЛИ ПРОИЗВОДСТВА |
| Страна публикации |
Российская Федерация |
| 105 ## - ПОЛЕ КОДИРОВАННЫХ ДАННЫХ: ТЕКСТОВЫЕ МАТЕРИАЛЫ, МОНОГРАФИЧЕСКИЕ |
| Кодированные данные о монографическом текстовом документе |
y z |||a| |
| 200 1# - ЗАГЛАВИЕ И СВЕДЕНИЯ ОБ ОТВЕТСТВЕННОСТИ |
| Основное заглавие |
"Борис Годунов" А.С. Пушкина |
| Сведения, относящиеся к заглавию |
(Опыт разбора трагедии) |
| Первые сведения об ответственности |
Сост. Е. Воскресенский |
| 205 ## - СВЕДЕНИЯ ОБ ИЗДАНИИ |
| Сведения об издании |
2-е изд., испр. и доп. |
| 210 ## - ПУБЛИКАЦИЯ, РАСПРОСТРАНЕНИЕ И ДР. |
| Место издания, распространения и т.д. |
Ярославль |
| Имя издателя, распространителя и т. д. |
тип. Губ. зем. управы |
| Дата издания, распространения и т.д. |
1886 |
| 215 ## - ФИЗИЧЕСКАЯ ХАРАКТЕРИСТИКА |
| Специфическое обозначение материала и объем |
[2], 69 с. |
| Размеры |
24 |
| 316 ## - ПРИМЕЧАНИЯ ОБ ОСОБЕННОСТЯХ ЭКЗЕМПЛЯРА |
| Текст примечания |
Экз. РНБ (18.212.1.14а(алл. 3)): приплетено к: Воскресенский, Е.И. Повести Пушкина. (Опыт разбора). Ярославль, 1888 (обл. 1887) |
| Организация и экземпляр, к которому относится поле |
NLR: 18.212.1.14а(алл. 3)): приплетено к: Воскресенский, Е.И. Повести Пушкина. (Опыт разбора). Ярославль, 1888 (обл. 1887 |
| 482 #0 - ПРИПЛЕТЕНО К |
| Встроенное поле |
001RU\NLR\BIBL_A\011998258 |
| -- |
2001#$aПовести Пушкина$e(Опыт разбора) |
| -- |
210##$aЯрославль$d1888 (обл. 1887) |
| -- |
700#1$3RU\NLR\AUTH\7758298$7ca$aВоскресенский$bЕ. И.$f1859-1887$gЕвгений Иванович |
| Системный номер (АБИС) связанной записи |
11394293 |
| Автор |
Белкин, А. П. (1953-) |
| Место публикации |
Москва |
| Дата публикации |
2019 |
| Первые сведения об ответственности |
Анатолий Белкин |
| Имя издателя, распространителя и т.д. |
Центрполиграф |
| Физическая характеристика |
286, [1] с. |
| Заглавие |
Повести Пушкина |
| ISBN |
978-5-227-08603-7 |
| 500 10 - УНИФИЦИРОВАННОЕ ЗАГЛАВИЕ |
| Связь между полями |
z01702 |
| Унифицированное заглавие |
Борис Годунов |
| 532 10 - РАСШИРЕННОЕ ЗАГЛАВИЕ |
| Заглавие |
Борис Годунов Александра Сергеевича Пушкина |
| 700 #1 - ИМЯ ЛИЦА - ПЕРВИЧНАЯ ОТВЕТСТВЕННОСТЬ |
| Код отношения |
Составитель |
| Материалы, к которым относится поле |
rus |
| Графика поля |
Кириллица |
| Начальный элемент ввода |
Воскресенский |
| Часть имени, кроме начального элемента ввода |
Е. И. |
| Даты |
1859-1887 |
| Расширение инициалов личного имени |
Евгений Иванович |
| Идентификатор авторитетной/нормативной записи |
RU\NLR\AUTH\7758298 |
| Системный номер авторитетной/нормативной записи |
41230 |
| 702 #0 - ИМЯ ЛИЦА - ВТОРИЧНАЯ ОТВЕТСТВЕННОСТЬ |
| Код отношения |
Прочие |
| Материалы, к которым относится поле |
rus |
| Графика поля |
Кириллица |
| Начальный элемент ввода |
Борис Фёдорович Годунов |
| Дополнения к именам, кроме дат |
царь русский |
| Даты |
ок.1552-1605 |
| Идентификатор авторитетной/нормативной записи |
RU\NLR\AUTH\779068 |
| Системный номер авторитетной/нормативной записи |
118936 |
| 702 #1 - ИМЯ ЛИЦА - ВТОРИЧНАЯ ОТВЕТСТВЕННОСТЬ |
| Код отношения |
Прочие |
| Материалы, к которым относится поле |
rus |
| Графика поля |
Кириллица |
| Начальный элемент ввода |
Пушкин |
| Часть имени, кроме начального элемента ввода |
А. С. |
| Дополнения к именам, кроме дат |
поэт |
| Даты |
1799-1837 |
| Расширение инициалов личного имени |
Александр Сергеевич |
| Идентификатор авторитетной/нормативной записи |
RU\NLR\AUTH\77386 |
| Системный номер авторитетной/нормативной записи |
110441 |
| 801 #2 - ИСТОЧНИК ЗАПИСИ |
| Страна |
Российская Федерация |
| Организация |
NLR |
| Дата составления |
20080620 |
| Источник данных |
rusmarc |
| 801 #0 - ИСТОЧНИК ЗАПИСИ |
| Страна |
Российская Федерация |
| Организация |
NLR |
| Дата составления |
20060620 |
| Правила каталогизации |
psbo |
| 801 #0 - ИСТОЧНИК ЗАПИСИ |
| Страна |
Российская Федерация |
| Организация |
RuMoRGB |
| Дата составления |
20060620 |
| Источник данных |
psbo |
| 801 #1 - ИСТОЧНИК ЗАПИСИ |
| Страна |
Российская Федерация |
| Организация |
ProSoft-M |
| Дата составления |
20060620 |
| Источник данных |
rusmarc |
| 852 ## - МЕСТОНАХОЖДЕНИЕ И ШИФР ХРАНЕНИЯ |
| Идентификатор организации |
NLR |
| Шифр хранения (Call Number) |
18.212.1.14а(алл. 3) |
| 852 ## - МЕСТОНАХОЖДЕНИЕ И ШИФР ХРАНЕНИЯ |
| Идентификатор организации |
NLR |
| Шифр хранения (Call Number) |
38.15.5.28 |
| 942 ## - ДОПОЛНИТЕЛЬНЫЕ ЭЛЕМЕНТЫ ЗАПИСИ (АБИС) |
| Тип экземпляра АБИС |
Книга |
| 980 ## - КОЛЛЕКЦИЯ |
| Название коллекции |
Национальная библиография |